[Event "Salou Salauris op 1st"]
[Site "Salou"]
[Date "2021.06.27"]
[Round "7"]
[White "Guadamillas Marin, Javier"]
[Black "Freixas Bosch, Josep"]
[Result "0-1"]
[WhiteElo "1742"]
[BlackElo "1939"]
[PlyCount "84"]
[EventDate "2021.06.25"]
[EventType "swiss"]
[EventRounds "7"]
[EventCountry "ESP"]
[SourceTitle "CBM 203 Extra"]
[Source "ChessBase"]
[SourceDate "2021.09.30"]
[SourceVersion "1"]
[SourceVersionDate "2021.09.30"]
[SourceQuality "1"]

1. e4 e5 2. Nf3 Nf6 3. Nc3 Nc6 4. Bc4 Nxe4 5. Nxe4 d5 6. Bxd5 Qxd5 7. Nc3 Qd6 8. h3 Qg6 9. g3 Bd6 10. Nh4 Qf6 11. b3 Bd7 12. Bb2 0-0-0 13. Ne4 Qe7 14. Nxd6+ Qxd6 15. d3 Rhe8 16. Qd2 e4 17. 0-0-0 e3 18. Qe1 Qh6 19. f4 g5 20. Ng2 gxf4 21. Nxf4 Bf5 22. Kb1 Nd4 23. Bxd4 Rxd4 24. Ne2 Rd7 25. g4 Be6 26. Qg3 Rde7 27. h4 Bd5 28. Rhf1 Qb6 29. Rde1 a5 30. Rf4 Kb8 31. Ref1 Qc6 32. c4 Be6 33. d4 Qb6 34. d5 Bd7 35. Qe1 Qg6+ 36. Kb2 Bxg4 37. Nc1 e2 38. Rg1 h5 39. c5 Re4 40. Rxe4 Qxe4 41. Rg3 Qd4+ 42. Rc3 Re3 0-1

[Event "Salou Salauris op 1st"]
[Site "Salou"]
[Date "2021.06.27"]
[Round "6"]
[White "Lucas Ara, Alejandro"]
[Black "Guadamillas Marin, Javier"]
[Result "0-1"]
[WhiteElo "1888"]
[BlackElo "1742"]
[PlyCount "104"]
[EventDate "2021.06.25"]
[EventType "swiss"]
[EventRounds "7"]
[EventCountry "ESP"]
[SourceTitle "CBM 203 Extra"]
[Source "ChessBase"]
[SourceDate "2021.09.30"]
[SourceVersion "1"]
[SourceVersionDate "2021.09.30"]
[SourceQuality "1"]

1. e4 c5 2. Nf3 d6 3. d4 cxd4 4. Nxd4 Nf6 5. Nc3 a6 6. Be2 Nc6 7. 0-0 e5 8. Nb3 Be6 9. f4 exf4 10. Bxf4 Be7 11. Kh1 Qd7 12. Nd4 Nxd4 13. Qxd4 0-0 14. Na4 Qc6 15. Bf3 Qc4 16. Qxc4 Bxc4 17. Rfd1 Bb5 18. Nb6 Rad8 19. c4 Bc6 20. Nd5 Nxd5 21. exd5 Bd7 22. Rac1 g5 23. Bg3 f5 24. Bh5 f4 25. Bf2 Bf6 26. Bd4 Be8 27. Bg4 Bxd4 28. Rxd4 Bf7 29. Re1 Bg6 30. Be6+ Kg7 31. Kg1 h5 32. h3 f3 33. gxf3 Rxf3 34. Kg2 Rdf8 35. Re2 b6 36. Rdd2 Rf1 37. Rf2 R8xf2+ 38. Rxf2 Rxf2+ 39. Kxf2 Kf6 40. Kf3 Ke5 41. b3 Kd4 42. Ke2 Kc3 43. Ke3 g4 44. hxg4 hxg4 45. Bxg4 Bb1 46. Kf4 a5 47. a4 Kxb3 48. Bd7 Kxc4 49. Bc6 Kc5 50. Bb7 Bc2 51. Bc6 Kd4 52. Kf3 Be4+ 0-1

[Event "Salou Salauris op 1st"]
[Site "Salou"]
[Date "2021.06.26"]
[Round "3"]
[White "Guadamillas Marin, Javier"]
[Black "Mercade Dolcet, Juan Maria"]
[Result "1-0"]
[WhiteElo "1742"]
[BlackElo "1613"]
[PlyCount "71"]
[EventDate "2021.06.25"]
[EventType "swiss"]
[EventRounds "7"]
[EventCountry "ESP"]
[SourceTitle "CBM 203 Extra"]
[Source "ChessBase"]
[SourceDate "2021.09.30"]
[SourceVersion "1"]
[SourceVersionDate "2021.09.30"]
[SourceQuality "1"]

1. e4 e5 2. Nf3 Nc6 3. Bc4 Bc5 4. c3 Qe7 5. d3 h6 6. b4 Bb6 7. Nbd2 Nf6 8. h3 0-0 9. Nf1 d6 10. g4 d5 11. exd5 e4 12. dxc6 exf3+ 13. Ne3 Bxe3 14. Bxe3 Rd8 15. Qxf3 bxc6 16. 0-0 Nd5 17. Rfe1 Qf6 18. Bxd5 Rxd5 19. Qxf6 gxf6 20. Bd4 Kg7 21. Re7 Ba6 22. Rxc7 Bxd3 23. Rxc6 Rxd4 24. cxd4 Rd8 25. Rc3 Be4 26. Rd1 Bd5 27. a4 Kg6 28. b5 f5 29. f3 fxg4 30. hxg4 f5 31. gxf5+ Kxf5 32. Rc7 Rg8+ 33. Kf2 Kf4 34. Rg1 h5 35. Rxg8 Bxg8 36. Rxa7 1-0

[Event "Salou Salauris op 1st"]
[Site "Salou"]
[Date "2021.06.25"]
[Round "1"]
[White "Guadamillas Marin, Javier"]
[Black "Zhukov, Anton1"]
[Result "1-0"]
[WhiteElo "1742"]
[BlackElo "1789"]
[PlyCount "185"]
[EventDate "2021.06.25"]
[EventType "swiss"]
[EventRounds "7"]
[EventCountry "ESP"]
[SourceTitle "CBM 203 Extra"]
[Source "ChessBase"]
[SourceDate "2021.09.30"]
[SourceVersion "1"]
[SourceVersionDate "2021.09.30"]
[SourceQuality "1"]

1. e4 c6 2. d4 d5 3. Nc3 dxe4 4. Nxe4 Bf5 5. Ng3 Bg6 6. Nf3 Nd7 7. h4 h6 8. Bd3 Bxd3 9. Qxd3 Ngf6 10. b3 e6 11. Bb2 Bd6 12. Nd2 a5 13. c4 0-0 14. Rd1 Re8 15. Nde4 Bb4+ 16. Kf1 Qe7 17. c5 a4 18. a3 Ba5 19. b4 Bc7 20. b5 Nd5 21. Ne2 f5 22. N4c3 N7f6 23. Qc2 cxb5 24. Nxb5 Ne4 25. Re1 Qd7 26. Nxc7 Qxc7 27. Rh3 b6 28. Nc3 Ndxc3 29. Bxc3 bxc5 30. Bb2 c4 31. Kg1 Rab8 32. Qxa4 c3 33. Bc1 Qb6 34. Rd3 Qb1 35. Rde3 Qa2 36. R3e2 Qd5 37. f3 Nf6 38. Re5 Qd6 39. d5 Nxd5 40. Rxf5 Qg3 41. Rfe5 Ra8 42. Qe4 Nf6 43. Qc2 Nd5 44. Rxe6 Rxe6 45. Rxe6 Nf4 46. Bxf4 Qxf4 47. Qxc3 Qxh4 48. Rc6 Re8 49. Rc8 Qe7 50. Rxe8+ Qxe8 51. Qc4+ Kf8 52. Kf2 Qd7 53. a4 Qd2+ 54. Kg3 Qg5+ 55. Kh2 Qe5+ 56. f4 Qh5+ 57. Kg3 Qg6+ 58. Kf3 Qh5+ 59. Ke3 Qe8+ 60. Qe4 Qd8 61. Qb4+ Kg8 62. a5 Qe8+ 63. Kf2 Qe6 64. Qb6 Qa2+ 65. Kg3 Qa3+ 66. Kg4 h5+ 67. Kxh5 Qg3 68. Qd8+ Kh7 69. Qc7 Qh2+ 70. Kg4 Qxg2+ 71. Kf5 Qe2 72. Qe5 Qd3+ 73. Qe4 Qd6 74. Kg4+ g6 75. Qb7+ Kh6 76. a6 Qd1+ 77. Kg3 Qe1+ 78. Kg4 Qe2+ 79. Kg3 Qd3+ 80. Kf2 Qd2+ 81. Kg1 Qe3+ 82. Kh1 Qh3+ 83. Kg1 Qg3+ 84. Qg2 Qe3+ 85. Qf2 Qc1+ 86. Qf1 Qc5+ 87. Kh2 Qc2+ 88. Qg2 Qa4 89. Qg5+ Kh7 90. Qe7+ Kh6 91. Qf8+ Kh5 92. Qh8+ Kg4 93. Qh3+ 1-0